Nehmotný majetek v účetnictví a daních z příjmů

Základný právny predpis pre vymedzenie obsahu dlhodobého nehmotného majetku v ČR. Zložky dlhodobého nemhotného majetku: zriaďovacie výdavky, nehmotné výsledky výskumu a vývoja, softvér, oceniteľné práva, goodwill, povolenia na emisie a preferenčné limity. Doba použiteľnosti dlhodobého nehmotného maj...

Ausführliche Beschreibung

Gespeichert in:
Bibliographische Detailangaben
1. Verfasser: Machala, Otakar
Format: Buchkapitel
Sprache:Tschechisch
Schlagworte:
Tags: Tag hinzufügen
Keine Tags, Fügen Sie das erste Tag hinzu!

MARC

LEADER 00000naa$a2200000$$$4500
001 0092443
005 20230925091245.9
041 0 |a cze 
044 |a CZ 
245 1 0 |a Nehmotný majetek v účetnictví a daních z příjmů  |c Otakar Machala 
520 |a Základný právny predpis pre vymedzenie obsahu dlhodobého nehmotného majetku v ČR. Zložky dlhodobého nemhotného majetku: zriaďovacie výdavky, nehmotné výsledky výskumu a vývoja, softvér, oceniteľné práva, goodwill, povolenia na emisie a preferenčné limity. Doba použiteľnosti dlhodobého nehmotného majetku. Negatívne vymedzenie dlhodobého nehmotného majetku. Spôsoby nadobudnutia a oceňovanie. Náklady spojené s nadobudnutím dlhodobého nemhotného majetku. Daňové odpisy. Príklady z praxe. 
610 2 0 |a účtovníctvo podvojné 
610 2 0 |a účtovanie 
610 2 0 |a majetok nehmotný 
610 2 0 |a majetok dlhodobý 
610 2 0 |a odpisy účtovné 
610 2 0 |a odpisy daňové 
610 2 0 |a dane z príjmov 
610 2 0 |a firmy 
610 2 0 |a legislatíva 
610 2 0 |a Česko 
100 1 |a Machala, Otakar